|
|
|
|
| LEADER |
01499nam a22002777a 4500 |
| 001 |
41089 |
| 003 |
BD-DhAAL |
| 008 |
230409t2020 bg a|||| b||| 00| 0 eng d |
| 040 |
|
|
|a BD-DhAAL
|c BD-DhAAL
|
| 082 |
|
|
|a 891.443
|2 23
|
| 245 |
|
|
|a Razia Khan :
|b omnibus edition.
|
| 264 |
|
|
|a Dhaka :
|b Anwarul Amin, Kaiser Tamiz Amin, and Aasha Mehreen Amin,
|c 2020.
|
| 300 |
|
|
|a 288 pages :
|b illustrations ;
|c 22 cm.
|
| 504 |
|
|
|a Includes bibliographical references.
|
| 541 |
|
|
|a Complimentary copy
|e 41089, 41090, 41098, 42364
|
| 600 |
|
|
|a Khan, Razia,
|d 1936-2011.
|9 56086
|
| 650 |
|
|
|a Short stories, Bengali.
|
| 650 |
|
|
|a Bengali literature.
|
| 650 |
|
|
|a English literature.
|
| 852 |
|
|
|a Ayesha Abed Library
|c General Stacks
|
| 942 |
|
|
|2 ddc
|c BK
|
| 999 |
|
|
|c 45658
|d 45658
|
| 952 |
|
|
|0 0
|1 0
|2 ddc
|4 0
|6 891_443000000000000_RAZ
|7 0
|9 73524
|a BRACUL
|b BRACUL
|c GEN
|d 2023-04-09
|e Complimentary copy
|g 400.00
|l 0
|o 891.443 RAZ
|p 3010041089
|r 2023-04-09
|t 1
|w 2023-04-09
|y BK
|
| 952 |
|
|
|0 0
|1 0
|2 ddc
|4 0
|6 891_443000000000000_RAZ
|7 0
|9 73527
|a BRACUL
|b BRACUL
|c GEN
|d 2023-04-10
|e Complimentary copy
|g 400.00
|l 0
|o 891.443 RAZ
|p 3010041090
|r 2023-04-10
|t 2
|w 2023-04-10
|y BK
|
| 952 |
|
|
|0 0
|1 0
|2 ddc
|4 0
|6 891_443000000000000_RAZ
|7 0
|9 73538
|a BRACUL
|b BRACUL
|c GEN
|d 2023-04-11
|e Complementary copy
|g 400.00
|l 0
|o 891.443 RAZ
|p 3010041098
|r 2023-04-11
|t 3
|w 2023-04-11
|y BK
|
| 952 |
|
|
|0 0
|1 0
|2 ddc
|4 0
|6 891_443000000000000_RAZ
|7 0
|9 75225
|a BRACUL
|b BRACUL
|c GEN
|d 2024-03-06
|e Complementary copy
|g 400.00
|l 1
|o 891.443 RAZ
|p 3010042364
|r 2025-02-27
|s 2025-02-17
|t 4
|w 2024-03-06
|y BK
|